The human-computer interaction handbook : fundamentals, evolving technologies and emerging applications

Αποθηκεύτηκε σε:
Λεπτομέρειες βιβλιογραφικής εγγραφής
Άλλοι συγγραφείς: Jacko, Julie A. (Επιμελητής έκδοσης), Sears, Andrew (Επιμελητής έκδοσης)
Μορφή: Βιβλίο
Γλώσσα:English
Δημοσίευση: Mahwah : Lawrence Erlbaum Associates, c2003
Σειρά:Human factors and ergonomics
Θέματα:
Ετικέτες: Προσθήκη ετικέτας
Δεν υπάρχουν, Καταχωρήστε ετικέτα πρώτοι!

MARC

LEADER 00000nam a2200000 i 4500
001 1/77878
008 050603s2003 eng d
020 |a 0-8058-4468-6 
035 |l 10078358 
040 |a GR-MY-UA  |b gre  |e aacr 
041 0 |a eng 
082 0 |a 004.019  |2 (21) 
245 1 4 |a The human-computer interaction handbook :  |b fundamentals, evolving technologies and emerging applications /  |c Julie A. Jacko, Andrew Sears, editors 
260 |a Mahwah :   |b Lawrence Erlbaum Associates,   |c c2003 
300 |a xxx, 1277 σ.;  |b εικ.;  |c 29 εκ. 
490 1 |a Human factors and ergonomics 
504 |a Περιλαμβάνει βιβλιογραφίες και ευρετήριο. 
650 0 0 |a Human-computer interaction  |x Handbooks, manuals, etc. 
700 1 |a Jacko, Julie A.  |4 edt 
700 1 |a Sears, Andrew.  |4 edt 
830 0 |a Human factors and ergonomics 
852 |a INST  |b LESVOS  |e 20050603  |h 004.019 HUM  |p 005100032125  |q 005100032125  |t BK  |y 0 
852 |a INST  |b SYROS  |e 20080222  |h 004.019 HUM  |p 005500006512  |q 005500006512  |t BK  |y 0 
901 |a BIBL5-2008-1 
901 |a BIBL1-2005-2 
909 |a Ε  |b 133509 
909 |a Λ  |b 113484 
920 |a ΔΙΕΥΡΥΝΣΗ  |b ΕΠΕΑΕΚ-ΠΤΕ  |y ΛΕΣΒΟΣ  |z 2004-09 
922 |a 5ΕΛΗ  |b 200709  |c ΒΙΒΛΙΟΘΗΚΗ ΣΥΡΟΥ  |d GLORYBOOK 
970 |a ΚΑΡΑ  |b ΓΙΑΣΕΜΗ  |z 2005/06/03